Životní cykly marketingu

Analýza vývoja prístupu k marketingu od 50. rokov do r. 1994. Trendy od eufórie po úvahy o význame marketingových oddelení. Predstavy o spôsoboch, ako si udržať zákazníkov, v jednotlivých obdobiach.

Gespeichert in:
Bibliographische Detailangaben
1. Verfasser: Schütz, P.
Format: Buchkapitel
Sprache:Tschechisch
Schlagworte:
Tags: Tag hinzufügen
Keine Tags, Fügen Sie das erste Tag hinzu!

MARC

LEADER 00000naa a2200000 4500
001 r018332
005 20221205102238.6
041 0 |a cze 
044 |a CZ 
245 1 0 |a Životní cykly marketingu  |c P. Schütz 
520 |a Analýza vývoja prístupu k marketingu od 50. rokov do r. 1994. Trendy od eufórie po úvahy o význame marketingových oddelení. Predstavy o spôsoboch, ako si udržať zákazníkov, v jednotlivých obdobiach. 
610 2 0 |a Nemecko 
610 2 0 |a 1950-1994 
610 2 0 |a marketing 
610 2 0 |a odbyt 
610 2 0 |a zákazníci 
100 1 |a Schütz, P.